banner koha

Establishment and content of sugars and phenols in Physalis callus obtained from different explants and concentrations of bap and naa (Registro n. 238952)

MARC details
000 -LÍDER
campo de controle de tamanho fixo 01028nas a2200325 4500
001 - NÚMERO DE CONTROLE
campo de controle BR2014005348
003 - IDENTIFICADOR DO NÚMERO DE CONTROLE
campo de controle BR-BrBNA
005 - DATA E HORÁRIO DA ÚLTIMA TRANSAÇÃO
campo de controle 20231205124419.0
007 - CAMPO FIXO DE DESCRIÇÃO FÍSICA--INFORMAÇÃO GERAL
campo de controle de tamanho fixo ta
008 - CAMPO DE DADOS FIXOS--INFORMAÇÃO GERAL
campo de controle de tamanho fixo 230509b bl.|||p| |||| 00| 00por d
040 ## - FONTE DA CATALOGAÇÃO
Instituição da catalogação original BR-BrBNA
Idioma da catalogação por
Instituição que transcreveu o registro Biblioteca Nacional de Agricultura
041 ## - CÓDIGO DE IDIOMA
Código do idioma do texto/trilha sonora ou título diferente (En)
072 ## - CÓDIGO DE CATEGORIA DE ASSUNTO
Código de Categoria de Assunto F63; F62
100 1# - ENTRADA PRINCIPAL--NOME PESSOAL
Nome pessoal Bertoncelli, D.J.
100 1# - ENTRADA PRINCIPAL--NOME PESSOAL
Nome pessoal Oliveira, M. de C.
100 1# - ENTRADA PRINCIPAL--NOME PESSOAL
Nome pessoal Passos, A.I. dos
100 1# - ENTRADA PRINCIPAL--NOME PESSOAL
Nome pessoal Ariati, A.C.
100 1# - ENTRADA PRINCIPAL--NOME PESSOAL
Nome pessoal Ortolan, A.O.
100 1# - ENTRADA PRINCIPAL--NOME PESSOAL
Nome pessoal Witt, E. de P.
245 1# - TÍTULO
Título Establishment and content of sugars and phenols in Physalis callus obtained from different explants and concentrations of bap and naa
650 ## - ASSUNTO--TERMO TÓPICO
Cabeçalho tópico ou nome geográfico PLANTA
650 ## - ASSUNTO--TERMO TÓPICO
Cabeçalho tópico ou nome geográfico CÉLULA VEGETAL
650 ## - ASSUNTO--TERMO TÓPICO
Cabeçalho tópico ou nome geográfico CRESCIMENTO
650 ## - ASSUNTO--TERMO TÓPICO
Cabeçalho tópico ou nome geográfico EXPLANTE
650 ## - ASSUNTO--TERMO TÓPICO
Cabeçalho tópico ou nome geográfico AÇÚCARES
650 ## - ASSUNTO--TERMO TÓPICO
Cabeçalho tópico ou nome geográfico REGENERAÇÃO NATURAL
773 0# - ENTRADA ANALÍTICA
Título Acta Scientiarum. Biological Sciences (Brazil)
ISSN - International Standard Serial Number ISSN 1679-9283
Partes relacionadas (Jan-Mar 2014), v. 36(1) p. 27-33
Número de controle do registro BR2014005348
909 ## -
-- 202311
-- Lúcia
-- 55
-- Lúcia Elande
942 ## - ELEMENTOS DE ENTRADA ADICIONADOS (KOHA)
Fonte da classificação ou esquema de arquivamento na estante Classificação AGRIS
Ocultar no OPAC Não
Tipo de material Koha Analítica
Exemplares
Situação do descarte Fonte da classificação ou esquema de arquivamento na estante Situação física Não pode ser emprestado Biblioteca de origem Biblioteca atual Localização na estante Enumeração do periódico / cronologia Total de empréstimos Data de último acesso Número do exemplar Tipo de material Koha Fonte de aquisição
  Classificação AGRIS   Consulta local Biblioteca Nacional de Agricultura - Binagri Biblioteca Nacional de Agricultura - Binagri   (Jan-Mar 2014), v. 36(1) p. 27-33   29/11/2023 01 Periódicos Portaria Interministerial nº 164/94

BINAGRI

Telefone: (61)3218-2567/2388/3357/2097 - binagri@agro.gov.br

Ministério da Agricultura e Pecuária , Esplanada dos Ministérios, Bloco D, Anexo B, Brasília/DF, CEP: 70.043-900